ՀՀ Գիտությունների ազգային ակադեմիայի հիմնարար գիտական գրադարան  =   Fundamental Scientific Library of NAS RA

Суть : (Record no. 138404)

MARC details
000 -LEADER
fixed length control field 00979nam a2200217 a 4500
001 - CONTROL NUMBER
control field 000361672
003 - CONTROL NUMBER IDENTIFIER
control field AM-YeHGA
005 - DATE AND TIME OF LATEST TRANSACTION
control field 20250617131557.0
008 - FIXED-LENGTH DATA ELEMENTS--GENERAL INFORMATION
fixed length control field 040916s1984 ||| r 000 0 rus d
040 ## - CATALOGING SOURCE
Original cataloging agency AM-YeHGA
041 1# - LANGUAGE CODE
Language code of text/sound track or separate title rus
Language code of original ukr
090 ## - LOCALLY ASSIGNED LC-TYPE CALL NUMBER (OCLC); LOCAL CALL NUMBER (RLIN)
-- 139781
100 1# - MAIN ENTRY--PERSONAL NAME
Personal name Ребро, Петро
245 10 - TITLE STATEMENT
Title Суть :
Remainder of title Стихотворения, поэмы /
Statement of responsibility, etc. Петро Ребро; Пер. с укр. В. Корчагин.
260 ## - PUBLICATION, DISTRIBUTION, ETC.
Place of publication, distribution, etc. Москва :
Name of publisher, distributor, etc. Сов. писатель,
Date of publication, distribution, etc. 1984.
300 ## - PHYSICAL DESCRIPTION
Extent 88 с. :
Other physical details портр., ил.
500 ## - GENERAL NOTE
General note В вып. дан. авт.: Петр Павлович Ребро
505 0# - FORMATTED CONTENTS NOTE
Formatted contents note Циклы: Лепестки огня; Земное тяготение; Вечерние монологи; Поэмы: Здравствуй, Берда!: (Октавы); Я, Кость Великий: (Поэма-монолог)
653 0# - INDEX TERM--UNCONTROLLED
Uncontrolled term Украинская поэзия
700 1# - ADDED ENTRY--PERSONAL NAME
Personal name Корчагин, Валентин
Relator term пер.
Relationship trl
Holdings
Withdrawn status Lost status Damaged status Not for loan Collection Home library Current library Date acquired Total checkouts Full call number Barcode Date last seen Price effective from Koha item type Public note
        General Fundamental Scientific Library Fundamental Scientific Library 22/12/2016   883 110054321 22/12/2016 22/12/2016 Գրքեր / Books 30 Days Loan


ՀՀ ԳԱԱ հիմնարար գիտական գրադարան
ՀՀ,Երևան 0019
Մարշալ Բաղրամյան 24/6
հեռախոս:(374-10) 52-47-50
Հետադարձ կապ

All site content, except where otherwise noted, is licensed under a
Creative Commons License